Impact of Migration on Income Levels in Advanced Economies /

The recent refugee surge has brought attention to the macro-critical policy issue of migration, including speculations that migration can be an unfavorable phenomenon for the receiving economies. A careful examination of the impact of migration on host economies is thus critical. Focusing on the eco...

Descrizione completa

Dettagli Bibliografici
Autore principale: Jaumotte, Florence
Altri autori: Koloskova, Ksenia, Saxena, Sweta
Natura: Periodico
Lingua:English
Pubblicazione: Washington, D.C. : International Monetary Fund, 2016.
Serie:Spillover Notes; Spillover Notes ; No. 2016/008
Accesso online:Full text available on IMF
LEADER 02701cas a2200265 a 4500
001 AALejournalIMF017183
008 230101c9999 xx r poo 0 0eng d
020 |c 5.00 USD 
020 |z 9781475545913 
022 |a 2522-7890 
040 |a BD-DhAAL  |c BD-DhAAL 
100 1 |a Jaumotte, Florence. 
245 1 0 |a Impact of Migration on Income Levels in Advanced Economies /  |c Florence Jaumotte, Ksenia Koloskova, Sweta Saxena. 
264 1 |a Washington, D.C. :  |b International Monetary Fund,  |c 2016. 
300 |a 1 online resource (26 pages) 
490 1 |a Spillover Notes 
500 |a <strong>Off-Campus Access:</strong> No User ID or Password Required 
500 |a <strong>On-Campus Access:</strong> No User ID or Password Required 
506 |a Electronic access restricted to authorized BRAC University faculty, staff and students 
520 3 |a The recent refugee surge has brought attention to the macro-critical policy issue of migration, including speculations that migration can be an unfavorable phenomenon for the receiving economies. A careful examination of the impact of migration on host economies is thus critical. Focusing on the economic impact, most of the academic discussion has centered on the effect of migration on labor markets and public finances. Much less is known about the long-term impact of immigration on the GDP per capita (or the standard of living) of host economies. This note makes three contributions to estimating this impact: it uses a restricted sample of advanced economies rather than a mixed sample of higher- and lower-income host countries, it examines whether the GDP per capita impact varies for different skill levels of migrants, and it goes beyond the aggregate impact of migration on GDP per capita to examine how broadly gains in this regard are shared across the population. In particular, it examines whether migration impacts the income levels of those both at the top and at the bottom of the earnings distribution, or whether gains are instead concentrated in a small group of high earners. It finds that immigration significantly increases GDP per capita in advanced economies, that both high- and lower-skilled migrants can raise labor productivity, and that an increase in the migrant share benefits the average income per capita of both the bottom 90 percent and the top 10 percent of earners, suggesting the gains from immigration are broadly shared. 
538 |a Mode of access: Internet 
700 1 |a Koloskova, Ksenia. 
700 1 |a Saxena, Sweta. 
830 0 |a Spillover Notes; Spillover Notes ;  |v No. 2016/008 
856 4 0 |z Full text available on IMF  |u http://elibrary.imf.org/view/journals/062/2016/008/062.2016.issue-008-en.xml  |z IMF e-Library